Textbook of laboratory techniques (Record no. 156132)

MARC details
000 -LEADER
fixed length control field 00365nam a2200145Ia 4500
008 - FIXED-LENGTH DATA ELEMENTS--GENERAL INFORMATION
fixed length control field 230917s9999||||xx |||||||||||||| ||und||
040 ## - CATALOGING SOURCE
-- 172496
Original cataloging agency VIVEKANANDA LIBRARY
041 ## - Language
-- English
082 ## - DDC NUMBER
Classification number 616.0756 G699T
100 ## - MAIN ENTRY--PERSONAL NAME
Personal name Goswami, Chinmoy
245 #0 - TITLE STATEMENT
Title Textbook of laboratory techniques
260 ## - PUBLICATION, DISTRIBUTION, ETC. (IMPRINT)
Place of publication, distribution, etc New Delhi
Name of publisher, distributor, etc Wisdom Press
Date of publication, distribution, etc 2011
300 ## - PHYSICAL DESCRIPTION
Pages 296 p.
942 ## - ADDED ENTRY ELEMENTS (KOHA)
Koha item type Books
Holdings
Withdrawn status Lost status Damaged status Not for loan Location (home branch) Sublocation or collection (holding branch) Date acquired Koha issues (times borrowed) Koha full call number Accession No. Koha date last seen Koha item type
        VIVEKANANDA LIBRARY VIVEKANANDA LIBRARY 14/12/2010 1 616.0756 G699T 283265 09/08/2024 Books
        VIVEKANANDA LIBRARY VIVEKANANDA LIBRARY 14/12/2010 1 616.0756 G699T 283266 09/08/2024 Books
        VIVEKANANDA LIBRARY VIVEKANANDA LIBRARY 14/12/2010   616.0756 G699T 295185 17/09/2023 Books
        VIVEKANANDA LIBRARY VIVEKANANDA LIBRARY 14/12/2010   616.0756 G699T 295186 17/09/2023 Books
© Designed and Maintained by Vivekananda Library, MDU Rohtak